=LDR 00000nam 2200000 4500 =001 INLIS000000000031331 =005 20130612133418 =008 ***********************************ind** =035 ##$$0010-061300000031331 =041 ##$$a ind =082 ##$$a 646. 404 =090 ##$$a 646. 404 , Dew b =100 ##$$a Dewi, Hedy Purnama =245 ##$$a Busana bergaya Muslim unuk Remaja Feminim dan maskulin, Hedy Purnama Dewi; Penyunting, Tajudin =260 ##$$a 2004 $b Jakarta =300 ##$$a vii, 75 hlm. , ilus. , 27 cm =650 ##$$a Pakaian Wanita =650 ##$$a Kostruksi =650 ##$$a Pola =700 ##$$a Tajudin =850 ##$$a NBPNMAT